Three complete novels / (Record no. 350207)
[ view plain ]
| 000 -LEADER | |
|---|---|
| fixed length control field | 00926pam a2200265 a 4500 |
| 001 - CONTROL NUMBER | |
| control field | 2030624 |
| 003 - CONTROL NUMBER IDENTIFIER | |
| control field | OSt |
| 005 - DATE AND TIME OF LATEST TRANSACTION | |
| control field | 20180116183009.0 |
| 008 - FIXED-LENGTH DATA ELEMENTS--GENERAL INFORMATION | |
| fixed length control field | 920131s1992 nyu 000 1 eng |
| 010 ## - LIBRARY OF CONGRESS CONTROL NUMBER | |
| LC control number | 92007599 |
| 020 ## - INTERNATIONAL STANDARD BOOK NUMBER | |
| International Standard Book Number | 0517077736 |
| 040 ## - CATALOGING SOURCE | |
| Original cataloging agency | DLC |
| Transcribing agency | DLC |
| Modifying agency | DLC |
| 050 00 - LIBRARY OF CONGRESS CALL NUMBER | |
| Classification number | PS3569.H3927 |
| Item number | A6 1992 |
| 082 00 - DEWEY DECIMAL CLASSIFICATION NUMBER | |
| Classification number | 813/.54 SHE 1993 |
| Edition number | 20 |
| 100 1# - MAIN ENTRY--PERSONAL NAME | |
| Personal name | Sheldon, Sidney. |
| 240 10 - UNIFORM TITLE | |
| Uniform title | Novels. |
| Form subheading | Selections |
| 245 10 - TITLE STATEMENT | |
| Title | Three complete novels / |
| Statement of responsibility, etc. | Sidney Sheldon. |
| 246 3# - VARYING FORM OF TITLE | |
| Title proper/short title | 3 complete novels |
| 260 ## - PUBLICATION, DISTRIBUTION, ETC. | |
| Place of publication, distribution, etc. | New York : |
| Name of publisher, distributor, etc. | Wings Books ; |
| Place of publication, distribution, etc. | Avenel, N.J. : |
| Name of publisher, distributor, etc. | Distributed by Outlet Book Co., |
| Date of publication, distribution, etc. | 1992. |
| 300 ## - PHYSICAL DESCRIPTION | |
| Extent | 755 p. ; |
| Dimensions | 24 cm. |
| 505 0# - FORMATTED CONTENTS NOTE | |
| Formatted contents note | Bloodline -- A stranger in the mirror -- The naked face. |
| 906 ## - LOCAL DATA ELEMENT F, LDF (RLIN) | |
| a | 7 |
| b | cbc |
| c | orignew |
| d | 1 |
| e | ocip |
| f | 19 |
| g | y-gencatlg |
| 942 ## - ADDED ENTRY ELEMENTS (KOHA) | |
| Source of classification or shelving scheme | |
| Koha item type | Book |
| Withdrawn status | Lost status | Source of classification or shelving scheme | Damaged status | Not for loan | Permanent Location | Current Location | Shelving location | Date acquired | Total Checkouts | Total Renewals | Full call number | Barcode | Checked out | Date last seen | Date last checked out | Price effective from | Koha item type |
|---|---|---|---|---|---|---|---|---|---|---|---|---|---|---|---|---|---|
| Central Library (CL) | Central Library (CL) | Fiction | 08/31/2015 | 12 | 3 | 813.54 SHE | NBSD-2058 | 04/17/2026 | 12/18/2025 | 12/18/2025 | 08/31/2015 | Book |
